000 00719nam a2200205 i 4500
001 145869
003 ES-MaACL
005 20250511122603.0
007 t|
008 071017s1953 fr ||||1| fre d
100 1 _aVerhensen, Fernand.
_9114125
245 1 0 _aEtude sur les "Autos Sacramentales" de Calderón de la Barca, et spécialement sur "La cura y la enfermedad" /
_cFernand Verhensen.
260 _aParis :
_bCentre de Documentation Universaire-Towrnier et Constans,
_c1953.
300 _a91 p. ;
_c27 cm.
597 _aEjemplar litografiado.
600 1 4 _aCalderón de la Barca, Pedro,
_d1600-1681
_9239594
852 _aES-MaACL
_j1595-F-8
_bR.36306
942 _2udc
999 _c145869
_d145869